<?xml version="1.0" encoding="UTF-8"?>
<collection xmlns="http://www.loc.gov/MARC21/slim">
 <record>
  <leader>01012nam a22002057a 4500</leader>
  <controlfield tag="001">NCT_4_027018</controlfield>
  <controlfield tag="008">251010b        xxu||||| |||| 00| 0 vie d</controlfield>
  <datafield tag="999" ind1=" " ind2=" ">
   <subfield code="c">9341</subfield>
   <subfield code="d">9341</subfield>
  </datafield>
  <datafield tag="020" ind1=" " ind2=" ">
   <subfield code="a">9780198292159</subfield>
   <subfield code="c">$176.38</subfield>
  </datafield>
  <datafield tag="082" ind1="0" ind2="4">
   <subfield code="2">23rd ed.</subfield>
   <subfield code="a">338.7</subfield>
   <subfield code="b">J11F</subfield>
  </datafield>
  <datafield tag="245" ind1="0" ind2="4">
   <subfield code="a">The Japanese firm : </subfield>
   <subfield code="b">The sources of competitive strength</subfield>
   <subfield code="c">edited by Masahiko Aoki and Ronald Dore</subfield>
  </datafield>
  <datafield tag="260" ind1=" " ind2=" ">
   <subfield code="a">Oxford</subfield>
   <subfield code="b">Oxford University Press</subfield>
   <subfield code="c">2008</subfield>
  </datafield>
  <datafield tag="300" ind1=" " ind2=" ">
   <subfield code="a">xi, 410 p.</subfield>
   <subfield code="b">ill.</subfield>
   <subfield code="c">24 cm</subfield>
  </datafield>
  <datafield tag="520" ind1="3" ind2=" ">
   <subfield code="a">A collection of interdisciplinary studies on Japanese firms, examining their diverse structures and management practices, and discussing the sources, complexity, and transferability of their competitive strength.</subfield>
  </datafield>
  <datafield tag="653" ind1=" " ind2=" ">
   <subfield code="a">Quản trị kinh doanh</subfield>
  </datafield>
  <datafield tag="700" ind1="1" ind2=" ">
   <subfield code="a">Aoki, Masahiko</subfield>
   <subfield code="e">editor</subfield>
  </datafield>
  <datafield tag="700" ind1="1" ind2=" ">
   <subfield code="a">Dore, Ronald</subfield>
   <subfield code="e">editor</subfield>
  </datafield>
  <datafield tag="942" ind1=" " ind2=" ">
   <subfield code="2">ddc</subfield>
   <subfield code="c">BK</subfield>
  </datafield>
  <datafield tag="952" ind1=" " ind2=" ">
   <subfield code="0">0</subfield>
   <subfield code="1">0</subfield>
   <subfield code="2">ddc</subfield>
   <subfield code="4">0</subfield>
   <subfield code="6">338_700000000000000_J11F</subfield>
   <subfield code="7">0</subfield>
   <subfield code="9">31475</subfield>
   <subfield code="a">000001</subfield>
   <subfield code="b">000001</subfield>
   <subfield code="d">2025-10-10</subfield>
   <subfield code="o">338.7 J11F</subfield>
   <subfield code="p">MD.24479</subfield>
   <subfield code="r">2025-10-10</subfield>
   <subfield code="v">176.38</subfield>
   <subfield code="w">2025-10-10</subfield>
   <subfield code="y">BK</subfield>
  </datafield>
  <datafield tag="980" ind1=" " ind2=" ">
   <subfield code="a">Thư viện Trường Đại học Nam Cần Thơ</subfield>
  </datafield>
 </record>
</collection>
